All Lamborghini Car Models - Statistics

General Stats
  • This quiz has been taken 33 times
  • The average score is 9 of 36
Answer Stats
Answer % Correct
Aventador
85%
Urus S
78%
Murcielago
70%
Diablo
67%
Gallardo
52%
Miura
52%
350 GT
48%
Aventador J
48%
400 GT
44%
Sesto Elemento
44%
Jalpa
41%
Espada
37%
LM002
33%
Revuelto
33%
Huracan STO
30%
Islero
26%
Centenario
22%
Jarama
19%
Huracan Tecnica
15%
Silhouette
15%
Urraco
15%
Huracan Sterrrato
11%
Urus Performante
11%
Estoque
7%
Asterion
4%
Cenenario Roadster
4%
Countach LPI 800 - 4
4%
Essenza SCV12
4%
Huracan EVO Spyder
4%
Reventor
4%
Reventor Roadster
4%
SC18 Alston
4%
SC20
4%
Sian FKP 37
4%
Sian Roadster
4%
Terzo Millennio
4%
No matching quizzes found
Score Distribution
Percent of People with Each Score
Percentile by Number Answered
Your Score History
You have not taken this quiz